[Event "Warsaw-ch"]
[Site "Warsaw"]
[Date "1997.??.??"]
[Round "5"]
[White "Ponceleusz, Bronislaw"]
[Black "Bogocki, Cezary"]
[Result "1-0"]
[WhiteElo "2135"]
[BlackElo "2060"]

1.d4 Nf6 2.Nf3 e6 3.c4 b6 4.g3 Ba6 5.b3 Bb4+ 6.Bd2 Be7 7.Bg2 Bb7 8.O-O O-O
9.Bc3 d6 10.Qc2 c5 11.dxc5 bxc5 12.Bxf6 Bxf6 13.Ng5 g6 14.Bxb7 Bxa1 15.Ne4 Nd7
16.Bxa8 Qxa8 17.Nxd6 Qc6 18.Nb5 a6 19.N5c3 Nf6 20.Rd1 h5 21.h4 Qc7 22.Nd2 Bxc3
23.Qxc3 Qe7 24.Nf3 Rd8 25.Rd3 Ng4 26.Ne1 Kh7 27.Rxd8 Qxd8 28.Nd3 e5 29.Nxc5 Qd1+
30.Kg2 f6 31.Qd3 Qe1 32.Qd7+ Kh8 33.Qd8+ Kh7 34.Qd7+ Kh8 35.Qd8+ Kh7 36.Qd7+ Kh8
37.Qe8+ Kh7 38.Ne4 Qxe2 39.Qd7+ Kh8 40.Qe8+ Kg7 41.Qe7+ Kh8 42.Qf8+ Kh7 43.Qf7+ Kh8
44.Qf8+ Kh7 45.Nxf6+ Nxf6 46.Qxf6 Qxa2 47.Qf7+ Kh6 48.c5 e4 49.c6 Qc2 50.c7 e3
51.Qf8+ Kh7 52.c8=Q  1-0

[Event "Wattens op"]
[Site "Wattens"]
[Date "1997.??.??"]
[Round "?"]
[White "Ritz, Thomas"]
[Black "Farago, Ivan"]
[Result "0-1"]
[WhiteElo "2105"]
[BlackElo "2445"]

1.d4 Nf6 2.c4 e6 3.Nf3 b6 4.g3 Ba6 5.b3 d5 6.Bg2 dxc4 7.Ne5 Bb4+ 8.Kf1 Nfd7
9.Bxa8 Nxe5 10.bxc4 O-O 11.Ba3 Bc5 12.Bxc5 bxc5 13.Nd2 cxd4 14.Qa4 c6 15.Rb1 d3
16.e3 Nxc4 17.Nxc4 Qd5 18.Kg1 Bxc4 19.h4 d2 20.Kh2 Be2 21.e4 Qc5 22.Kg2 Qc3
23.Rhd1 a5 24.Bb7 Rd8 25.Kg1 h6  0-1

[Event "Hoogovens-B"]
[Site "Wijk aan Zee"]
[Date "1997.??.??"]
[Round "4"]
[White "Peng, Zhaoqin"]
[Black "Kalinin, Alexander"]
[Result "1/2-1/2"]
[WhiteElo "2370"]
[BlackElo "2425"]

1.d4 Nf6 2.c4 e6 3.Nf3 b6 4.g3 Ba6 5.b3 Bb4+ 6.Bd2 Be7 7.Bg2 c6 8.Bc3 d5
9.Ne5 Nfd7 10.Nxd7 Nxd7 11.Nd2 O-O 12.O-O Rc8 13.e4 b5 14.Re1 dxc4 15.bxc4 bxc4
16.Qc2 Re8 17.Rad1 Qc7 18.Bf1 Nb6 19.a4 c5 20.a5 cxd4 21.axb6 Qxb6 22.Rb1 dxc3
23.Rxb6 cxd2 24.Ra1 axb6 25.Rxa6 Red8 26.Ra1 c3  1/2-1/2

[Event "Zillertal op"]
[Site "Zillertal"]
[Date "1997.??.??"]
[Round "2"]
[White "Kleinsasser, Franz"]
[Black "Farago, Ivan"]
[Result "0-1"]
[WhiteElo "2145"]
[BlackElo "2440"]

1.d4 Nf6 2.c4 e6 3.Nf3 b6 4.g3 Ba6 5.b3 d5 6.Bg2 dxc4 7.Ne5 Bb4+ 8.Kf1 Nfd7
9.Nxc4 c6 10.Bb2 O-O 11.Bf3 b5 12.Ne3 Bb7 13.Kg2 a5 14.Na3 Qb6 15.Nac2 Be7
16.Ne1 Na6 17.Rc1 Rfd8 18.Qc2 Nf6 19.Qb1 c5 20.dxc5 Nxc5 21.Bxb7 Qxb7+ 22.Nf3 Nfe4
23.Qa1 Nd3 24.Bxg7 f6 25.Rcd1 Ndxf2 26.Bh6 Nxd1 27.Rxd1 Rxd1 28.Nxd1 Rd8
29.Nb2 Nc3 30.Qc1 Nxe2  0-1

[Event "Zillertal op"]
[Site "Zillertal"]
[Date "1997.??.??"]
[Round "3"]
[White "Ferrari, Josef"]
[Black "Springer, Karl"]
[Result "1-0"]
[WhiteElo "2170"]
[BlackElo "1955"]

1.d4 e6 2.c4 Nf6 3.Nf3 b6 4.g3 Ba6 5.b3 Bb4+ 6.Bd2 Be7 7.Bg2 c6 8.O-O d5
9.Ne5 Bb7 10.Bc3 O-O 11.Nd2 Nbd7 12.Nd3 Rc8 13.Bb2 c5 14.e3 Rc7 15.Rc1 cxd4
16.exd4 Qc8 17.Qe2 dxc4 18.bxc4 Bxg2 19.Kxg2 Re8 20.Kg1 h6 21.Rfe1 Bf8 22.Qd1 Rd8
23.Qb3 Qa6 24.Re2 Qa5 25.Rce1 Qf5 26.Nf4 g5 27.Ng2 Bg7 28.Nf1 Nf8 29.Nge3 Qg6
30.f3 Rcd7 31.Nc2 Rc7 32.Nfe3 Rcd7 33.Nb4 Rc8 34.Nd3 Ne8 35.d5 Bxb2 36.Rxb2 Qf6
37.Kg2 h5 38.Rbe2 Ng7 39.Nf2 Nf5 40.Nxf5 exf5 41.Nd3 Ng6 42.Qa4 Rcd8 43.Nb4 Re7
44.Nc6 Rxe2+ 45.Rxe2 Ra8 46.Qb4 h4 47.Qd2 Kg7 48.Qd4 hxg3 49.hxg3 Qxd4 50.Nxd4 Kf6
51.Nc6 Rc8 52.a4 Rc7 53.a5 bxa5 54.Rd2 Ne5 55.Nxe5 Kxe5 56.d6 Rd7 57.c5 a4
58.f4+ gxf4 59.gxf4+ Ke6 60.Kf3 a3 61.Ke3 a2 62.Rxa2 Kd5 63.Rc2 Kc6 64.Kd4 f6
65.Ra2 Rh7 66.Ra6+ Kb7 67.c6+ Kxa6 68.d7 Rh1 69.Kc5  1-0

[Event "Rishon Le Ziyyon 9798"]
[Site "Rishon Le Ziyyon"]
[Date "1998.01.01"]
[Round "8"]
[White "Mikhalevski, Victor"]
[Black "Golod, Vitali"]
[Result "1/2-1/2"]
[WhiteElo "2535"]
[BlackElo "2515"]

1.d4 Nf6 2.Nf3 e6 3.c4 b6 4.g3 Ba6 5.b3 Bb4+ 6.Bd2 Be7 7.Bg2 Bb7 8.O-O O-O
9.Bc3 c6 10.Qc2 d5 11.Ne5 Nbd7 12.Nd3  1/2-1/2

[Event "Excelsior Cup"]
[Site "Gothenburg"]
[Date "1998.01.07"]
[Round "1"]
[White "Aagaard, Jacob"]
[Black "Akesson, Ralf"]
[Result "1-0"]
[WhiteElo "2435"]
[BlackElo "2520"]

1.d4 Nf6 2.c4 e6 3.Nf3 b6 4.g3 Ba6 5.b3 Bb4+ 6.Bd2 Be7 7.Bg2 Bb7 8.O-O O-O
9.Nc3 Na6 10.Bc1 d5 11.Bb2 Qc8 12.cxd5 exd5 13.Rc1 c5 14.Qc2 Rd8 15.Qb1 Qe6
16.e3 Ne4 17.Rfd1 f5 18.Ne5 Bf6 19.Ne2 g5 20.f3 Nd6 21.f4 g4 22.dxc5 bxc5
23.b4 d4 24.bxc5 Bxg2 25.Nxd4 Qe8 26.Kxg2 Bxe5 27.fxe5 Ne4 28.Qd3 Nc7 29.Qc4+ Kf8
30.Rf1 Nd5 31.Nxf5 Nd2 32.Qxg4  1-0

[Event "Excelsior Cup"]
[Site "Gothenburg"]
[Date "1998.01.12"]
[Round "6"]
[White "Aagaard, Jacob"]
[Black "Gavrikov, Viktor"]
[Result "0-1"]
[WhiteElo "2435"]
[BlackElo "2575"]

1.d4 Nf6 2.c4 e6 3.Nf3 b6 4.g3 Ba6 5.Nbd2 d5 6.Bg2 Be7 7.O-O O-O 8.Qc2 Bb7
9.b3 a5 10.Bb2 Na6 11.Rac1 a4 12.Qb1 axb3 13.axb3 h6 14.cxd5 exd5 15.Ne5 Re8
16.Nc6 Qd6 17.Nxe7+ Qxe7 18.Rfe1 Ne4 19.Nf3 Nb4 20.Ne5 Nd2 21.Qf5 Nxb3 22.Rcd1 c5  0-1

[Event "Excelsior Cup"]
[Site "Gothenburg"]
[Date "1998.01.15"]
[Round "9"]
[White "Gausel, Einar"]
[Black "Hansen, Sune Berg"]
[Result "1/2-1/2"]
[WhiteElo "2540"]
[BlackElo "2490"]

1.d4 Nf6 2.c4 e6 3.Nf3 b6 4.g3 Ba6 5.b3 Bb7 6.Bg2 Bb4+ 7.Bd2 c5 8.O-O O-O
9.Bxb4 cxb4 10.Nbd2 d6 11.Qc2  1/2-1/2

[Event "Anibal op 5th"]
[Site "Linares"]
[Date "1998.01.20"]
[Round "1"]
[White "Epishin, Vladimir"]
[Black "Rodriguez Lopez, Rafael"]
[Result "1-0"]
[WhiteElo "2590"]
[BlackElo "2285"]

1.d4 Nf6 2.c4 e6 3.Nf3 b6 4.g3 Ba6 5.Qb3 Nc6 6.Bd2 Bb7 7.Bc3 Ne4 8.a3 Nxc3
9.Qxc3 Be7 10.Qd3 Bf6 11.e4 e5 12.d5 Nd4 13.Nxd4 exd4 14.Nd2 c5 15.h4 O-O
16.Bh3 d6 17.Kf1 b5 18.cxb5 a6 19.Kg2 axb5 20.Qxb5 Ba6 21.Qc6 Bd3 22.b3 Ra6
23.Qd7 Qa5 24.Ra2 Qc3 25.Bf5 g6 26.Bg4 Bc2 27.Rxc2 Qxc2 28.Rd1 Rd8 29.Qc7 Rxa3
30.Bf3 Ra2 31.e5 dxe5 32.Ne4 Kg7 33.Rf1 Raa8 34.Nxf6 Kxf6 35.d6 Qxb3 36.Qe7+ Kg7
37.Bxa8 Rxa8 38.Qxe5+ Kg8 39.Qxc5 Qb7+ 40.Kh2 Qa7 41.Qd5 Qa4 42.Rd1 Ra5 43.Qe4 Rf5
44.Rd2 Qd7 45.Qxd4 h5 46.Ra2 Qd8 47.d7 Kh7 48.Re2  1-0

[Event "Anibal op 5th"]
[Site "Linares"]
[Date "1998.01.24"]
[Round "5"]
[White "Khurtsidze, Nino"]
[Black "Bagaturov, Giorgi"]
[Result "1-0"]
[WhiteElo "2390"]
[BlackElo "2535"]

1.d4 Nf6 2.Nf3 e6 3.c4 b6 4.g3 Ba6 5.b3 Bb4+ 6.Bd2 Be7 7.Bg2 O-O 8.Qc2 Bb7
9.Nc3 d5 10.cxd5 exd5 11.O-O Na6 12.Ne5 c5 13.dxc5 bxc5 14.Rfd1 Qb6 15.Rac1 Rfe8
16.Be1 Rac8 17.Bh3 Rcd8 18.Na4 Qc7 19.Nd3 c4 20.bxc4 Ba3 21.Ndb2 d4 22.f3 Qe7
23.Bf1 Bc6 24.Rb1 Nc7 25.Bf2 Ne6 26.Rd3 Bd6 27.Rbd1 Bc7 28.Qd2 h5 29.e4 dxe3
30.Qxe3 Rxd3 31.Rxd3 Nd7 32.Nc3 Qb4 33.Qe2 Nf6 34.Qd2 Ba5 35.Qc2 Qb7 36.Bg2 Ng5
37.Nd5 Nxd5 38.cxd5 Bxd5 39.Qa4 Bc6 40.Qxa5 Qxb2 41.Qxg5 Qb1+ 42.Bf1 Bb5
43.Bd4  1-0

[Event "Europe vs Americas"]
[Site "Mermaid Beach"]
[Date "1998.02.03"]
[Round "9"]
[White "Relange, Eloi"]
[Black "Leitao, Rafael"]
[Result "1/2-1/2"]
[WhiteElo "2490"]
[BlackElo "2515"]

1.d4 Nf6 2.Nf3 e6 3.c4 b6 4.g3 Ba6 5.b3 Bb4+ 6.Bd2 Be7 7.Bg2 c6 8.O-O d5
9.Qc2 Nbd7 10.Rd1 O-O  1/2-1/2

[Event "Europe vs Americas"]
[Site "Mermaid Beach"]
[Date "1998.02.03"]
[Round "9"]
[White "Vescovi, Giovanni"]
[Black "Plaskett, Jim"]
[Result "1-0"]
[WhiteElo "2480"]
[BlackElo "2445"]

1.d4 Nf6 2.c4 e6 3.Nf3 b6 4.g3 Ba6 5.b3 d5 6.Bg2 dxc4 7.Ne5 Bb4+ 8.Kf1 Bd6
9.Nxc4 Nd5 10.Bb2 Be7 11.Bf3 c5 12.e4 Nb4 13.d5 exd5 14.exd5 O-O 15.a3 Bf6
16.Nc3 Nd3 17.Qxd3 b5 18.Ne4 bxc4 19.Bxf6 gxf6 20.bxc4 Nd7 21.Qc3 Ne5 22.Nd2 Re8
23.Kg2 f5 24.Rhe1 Qd6 25.Re3 Re7 26.Rae1 Rae8 27.Bd1 h6 28.Ba4 Nd7 29.Rxe7 Rxe7
30.Rxe7 Qxe7 31.Bxd7 Qxd7 32.Qf6 Bxc4 33.d6 Bd5+ 34.Kh3 c4 35.Qe7 Qe6 36.Qxe6 Bxe6
37.Nxc4 f6 38.Na5 Kf7 39.Nc6 Bd7 40.Nb8 Be6 41.Kh4  1-0

[Event "AUT-chT2S 9798"]
[Site "Austria"]
[Date "1998.02.07"]
[Round "7"]
[White "Jochinger, Ferdinand"]
[Black "Singer, Richard"]
[Result "0-1"]
[WhiteElo "2235"]
[BlackElo "2160"]

1.d4 Nf6 2.c4 e6 3.Nf3 b6 4.g3 Ba6 5.b3 Bb4+ 6.Bd2 Be7 7.Bg2 Bb7 8.Nc3 d6
9.O-O Nbd7 10.Re1 Ne4 11.d5 Nxd2 12.Qxd2 e5 13.e4 a5 14.Qc2 h5 15.h3 g5 16.Nh2 g4
17.hxg4 h4 18.gxh4 Bxh4 19.Re3 Nf8 20.Rh3 Ng6 21.Ne2 Qf6 22.Nf3 Bc8 23.Nxh4 Rxh4
24.Rxh4 Nxh4 25.Qd3 Bxg4 26.Kf1 Bxe2+ 27.Qxe2 Ke7 28.Qg4 Rh8 29.Bh3 Ng6 30.Re1 Nf4
31.Qd7+ Kf8 32.Re3 Rh6 33.Rg3 Rg6 34.Rxg6 Qxg6 35.Qxc7 Qxe4 36.Qd8+ Kg7 37.Qg5+ Qg6
38.Qf5 Nd3 39.Qf3 Nf4 40.Bg4 Qb1+ 41.Qd1 Qxa2 42.Bf5 Kf6 43.Bc2 Qb2 44.Kg1 Qc3
45.Be4 Qc1 46.Qxc1 Ne2+ 47.Kf1 Nxc1 48.Bc2 Kg5 49.Ke1 Kf4 50.Kd1 Na2 51.Bb1 Nb4
52.Ke2 e4  0-1

[Event "Novak Nikolic mem 1st"]
[Site "Belgrade"]
[Date "1998.02.07"]
[Round "2"]
[White "Martinovic, Slobodan"]
[Black "Zontakh, Andrey"]
[Result "1/2-1/2"]
[WhiteElo "2470"]
[BlackElo "2545"]

1.Nf3 Nf6 2.d4 e6 3.c4 b6 4.g3 Ba6 5.b3 Bb4+ 6.Bd2 Be7 7.Bc3 d5 8.Nbd2 O-O
9.Bg2 c6 10.Ne5 Nfd7 11.Nxd7 Nxd7 12.O-O Rc8 13.e4 b5 14.Re1  1/2-1/2

[Event "Chebanenco mem 1st"]
[Site "Kishinev"]
[Date "1998.02.09"]
[Round "1"]
[White "Rogozenko, Dorin"]
[Black "Iordachescu, Viorel"]
[Result "0-1"]
[WhiteElo "2495"]
[BlackElo "2520"]

1.d4 Nf6 2.c4 e6 3.Nf3 b6 4.g3 Ba6 5.Nbd2 Bb7 6.Bg2 Be7 7.O-O O-O 8.Re1 d5
9.cxd5 exd5 10.Ne5 Re8 11.Qb3 a5 12.Nf1 Nbd7 13.Nxd7 Qxd7 14.Bg5 a4 15.Qc2 c5
16.dxc5 bxc5 17.Rad1 d4 18.Bxb7 Qxb7 19.Bxf6 Bxf6 20.Nd2 h5 21.Nc4 Re6 22.e4 dxe3
23.Rxe3 Rxe3 24.fxe3 Rb8 25.Qg2 Qxg2+ 26.Kxg2 Rb4 27.b3 axb3 28.axb3 Rxb3
29.Rd5 Be7 30.Rxh5 g5 31.g4 Rb4 32.Ne5 c4 33.Rh6 f6 34.Nc6 Rb2+ 35.Kf3 Kg7
36.Rh3 Bc5 37.Nd4 Bxd4 38.exd4 Rb3+ 39.Kg2 Rxh3  0-1

[Event "Chebanenco mem 1st"]
[Site "Kishinev"]
[Date "1998.02.12"]
[Round "4"]
[White "Itkis, Boris"]
[Black "Iordachescu, Viorel"]
[Result "1/2-1/2"]
[WhiteElo "2460"]
[BlackElo "2520"]

1.d4 Nf6 2.Nf3 e6 3.c4 b6 4.g3 Ba6 5.b3 Bb4+ 6.Bd2 Be7 7.Nc3 O-O 8.Bg2 d5
9.cxd5 exd5 10.O-O Re8 11.Qc2 c5 12.Rfd1 Nc6 13.Bf4 Rc8 14.Bh3 Nxd4 15.Nxd4 cxd4
16.Bxc8 Qxc8 17.Rxd4 Bc5 18.Qd2 Bxd4 19.Qxd4 Bxe2 20.Nxd5 Nxd5 21.Qxd5 Rd8
22.Qe4 Bd3 23.Qe3 Ba6 24.Re1 h6 25.f3 Qc2 26.h4 Qxa2 27.Qe7 Ra8 28.Qe4 Rc8
29.Qa4 Qxa4 30.bxa4 Bc4 31.Re7 a6 32.Rc7 Rxc7 33.Bxc7 b5 34.axb5 axb5 35.Ba5 f6
36.Kf2 Kf7 37.h5 Ke6 38.Bb4 Bb3 39.Ke3 Bd1 40.Kf4 Be2 41.g4 Bd1 42.Bf8 Kf7
43.Ba3 Bc2 44.Bb4 Ke6 45.Bf8 g5+ 46.hxg6 Bxg6 47.Bxh6 b4 48.Bf8 b3 49.Ba3  1/2-1/2

[Event "Szeged TT02 IM"]
[Site "Szeged"]
[Date "1998.02.22"]
[Round "4"]
[White "Seres, Lajos"]
[Black "Kiesekamp, Marcos"]
[Result "1-0"]
[WhiteElo "2445"]
[BlackElo "2165"]

1.d4 Nf6 2.c4 e6 3.Nf3 b6 4.g3 Ba6 5.Qa4 Bb7 6.Bg2 c5 7.dxc5 Bxc5 8.O-O O-O
9.Nc3 Be7 10.Rd1 Na6 11.Bf4 Nc5 12.Qc2 Qc8 13.Rd4 d5 14.Rc1 Nfe4 15.cxd5 Nxc3
16.Qxc3 Bxd5 17.b4 Bf6 18.Qe3 Bxd4 19.Qxd4 Qa6 20.bxc5 Qxe2 21.Nd2 bxc5 22.Qxc5 Bxg2
23.Kxg2 Qa6 24.Qc4 Qa5 25.Rc2 h6 26.Be3 Rac8 27.Qxc8 Rxc8 28.Rxc8+ Kh7 29.Rc2 Qd5+
30.Kg1 a5 31.a4 Qh5 32.Rc1 f5 33.Nc4 g5 34.Ne5 Qe8 35.Rc7+ Kg8 36.Nc6 e5
37.Bd2 f4 38.Bc3 Qh5 39.Nxe5 Qd1+ 40.Kg2 Qxa4 41.Rc4 Qb3 42.gxf4 gxf4 43.Bxa5 Qb7+
44.Kh3 Qb1 45.Rxf4 Qf1+ 46.Kh4 Qc1 47.Rg4+ Kh7 48.Bb6 Qh1 49.h3 Qb1 50.Bd4 h5
51.Rf4 Qb3 52.Nf3 Qb8 53.Be5 Qa7  1-0

[Event "Cappelle op"]
[Site "Cappelle la Grande"]
[Date "1998.02.28"]
[Round "9"]
[White "Plachetka, Jan"]
[Black "Iordachescu, Viorel"]
[Result "1/2-1/2"]
[WhiteElo "2425"]
[BlackElo "2520"]

1.d4 Nf6 2.c4 e6 3.Nf3 b6 4.g3 Ba6 5.b3 b5 6.cxb5 Bxb5 7.Bg2 Be7 8.O-O O-O
9.Nc3 Bc6 10.Qd3 Bb7 11.Bb2 a5 12.Rac1 d6 13.Rfd1 Na6 14.Ne1 Nb4 15.Qd2 Qb8
16.e4 Rd8 17.d5 exd5 18.exd5 c6 19.dxc6 Nxc6 20.Nd5 Nxd5 21.Qxd5 Rc8 22.Rc4 Nd8
23.Qb5 Rxc4 24.bxc4 Qc7 25.Nd3 Bxg2 26.Kxg2 Ne6 27.Qd5 Rc8  1/2-1/2

[Event "CZE-chT 9798"]
[Site "CZE"]
[Date "1998.03.07"]
[Round "8"]
[White "Stohl, Igor"]
[Black "Hracek, Zbynek"]
[Result "0-1"]
[WhiteElo "2550"]
[BlackElo "2610"]

1.d4 Nf6 2.c4 e6 3.Nf3 b6 4.g3 Ba6 5.Qb3 Nc6 6.Nbd2 Bb7 7.e4 d5 8.cxd5 exd5
9.e5 Ne4 10.Bd3 Nb4 11.Bb1 c5 12.O-O Rc8 13.a3 c4 14.Qe3 Nd3 15.Bxd3 cxd3
16.Qxd3 Be7 17.Ne1 O-O 18.f3 Ng5 19.Nb3 Ne6 20.Be3 Qd7 21.Ng2 Qa4 22.Rfc1 Ba6
23.Qd1 Rc4 24.Ne1 Rfc8 25.Nd2 Qxd1 26.Rxd1 R4c7 27.Kf2 f5 28.exf6 Bxf6 29.Nb1 Nxd4
30.Bxd4 Rc1 31.Rd2 Bxd4+ 32.Rxd4 Re8 33.Nd3 Rd1 34.Nc3 Rxa1 35.Nxd5 Bxd3
36.Rxd3 Rh1 37.Kg2 Rhe1 38.Nc3 R8e7 39.g4 Kf7 40.Kg3 Rg1+ 41.Kf2 Rc1 42.Rd2 Ke8
43.h4 h5 44.g5 Rd7 45.Re2+ Kf7 46.Ne4 Rh1 47.Kg3 Rdd1 48.Rc2 Rdg1+ 49.Kf4 Rc1
50.Rd2 Rxh4+ 51.Kf5 g6+ 52.Ke5 Rc7 53.Rd6 Rh1  0-1

[Event "Clarin GP f"]
[Site "Villa Gisell"]
[Date "1998.03.09"]
[Round "3"]
[White "Sorin, Ariel"]
[Black "Zarnicki, Pablo"]
[Result "0-1"]
[WhiteElo "2460"]
[BlackElo "2515"]

1.d4 Nf6 2.c4 e6 3.Nf3 b6 4.g3 Ba6 5.Nbd2 Bb4 6.Qa4 c5 7.a3 Bxd2+ 8.Bxd2 O-O
9.Bg2 d5 10.cxd5 exd5 11.O-O Bxe2 12.Rfe1 Bxf3 13.Bxf3 Qd7 14.Qd1 cxd4 15.Bb4 Re8
16.Rxe8+ Qxe8 17.Qxd4 Nc6 18.Qf4 Nxb4 19.axb4 Qd7 20.g4 h6 21.h4 Rd8 22.g5 hxg5
23.hxg5 Nh7 24.Rc1 Qe6 25.Bh5 g6 26.Bg4 Qe4 27.Qxe4 dxe4 28.Rc7 Rd2 29.Bd7 Rxb2
30.b5 Ra2 31.Bc6 Nxg5 32.Kf1 Kg7 33.Bb7 Kf6 34.Bd5 Rb2 35.Bc6 Ke5 36.Rxa7 f5
37.Be8 Nf3 38.Re7+ Kf4 39.Bxg6 Rb1+ 40.Kg2 Nh4+  0-1

[Event "Golden Cleopatra"]
[Site "Cairo"]
[Date "1998.03.11"]
[Round "1"]
[White "Surjadnji, Aleksej"]
[Black "Sarwat, Walaa"]
[Result "0-1"]
[WhiteElo "2420"]
[BlackElo "2310"]

1.d4 Nf6 2.Nf3 e6 3.c4 b6 4.g3 Ba6 5.Qa4 c6 6.Nc3 d5 7.cxd5 exd5 8.Ne5 b5
9.Qd1 b4 10.Na4 Bb5 11.Bg2 Bd6 12.Nd3 Nbd7 13.O-O O-O 14.Bf4 Bxf4 15.gxf4 Ne4
16.Rc1 Qa5 17.Nac5 Ndxc5 18.Nxc5 Rfe8 19.Nxe4 dxe4 20.Qd2 Qxa2 21.Rc5 a5
22.Re5 Rxe5 23.fxe5 Rd8 24.Bxe4 Qc4 25.Rc1 Qxd4 26.Qxd4 Rxd4 27.Bxc6 Bxe2
28.Bf3 Rc4 29.Rxc4 Bxc4 30.Bd1 b3 31.f4 a4 32.Kf2 Bd3 33.Ke3 a3  0-1

[Event "AUT-chT2O 9798"]
[Site "Austria"]
[Date "1998.03.13"]
[Round "13"]
[White "Kummer, Helmut"]
[Black "Polak, Tomas"]
[Result "0-1"]
[WhiteElo "2380"]
[BlackElo "2470"]

1.d4 Nf6 2.c4 e6 3.Nf3 b6 4.g3 Ba6 5.b3 Bb7 6.Bg2 Bb4+ 7.Bd2 a5 8.O-O O-O
9.a3 Be7 10.Nc3 Na6 11.Qc2 d5 12.cxd5 exd5 13.Bf4 c5 14.Rfd1 Qc8 15.Na4 Qc6
16.Rac1 Ne4 17.Nd2 f5 18.Nxe4 fxe4 19.f3 exf3 20.Bxf3 Qe6 21.dxc5 Nxc5 22.Nc3 Ne4
23.Nb5 Bc5+ 24.Nd4 Qg6 25.Bxe4 dxe4 26.b4 axb4 27.axb4 Bxb4 28.Qb3+ Kh8 29.Ne6 Rf6
30.Qxb4 Rxe6 31.Rc7  0-1

[Event "Clarin GP f"]
[Site "Villa Gisell"]
[Date "1998.03.15"]
[Round "9"]
[White "Hoffman, Alejandro"]
[Black "Zarnicki, Pablo"]
[Result "0-1"]
[WhiteElo "2510"]
[BlackElo "2515"]

1.d4 Nf6 2.c4 e6 3.Nf3 b6 4.g3 Ba6 5.Nbd2 d5 6.Bg2 Be7 7.O-O O-O 8.Ne5 c5
9.cxd5 exd5 10.Ndf3 Re8 11.b3 Ne4 12.Bb2 Bb7 13.Rc1 Nd7 14.Nd3 Rc8 15.Bh3 Rc7
16.dxc5 bxc5 17.Rc2 Nb6 18.Qc1 Bd6 19.e3 c4 20.Nf4 Bxf4 21.exf4 Nc5 22.Bd4 Nd3
23.Qa3 Bc8 24.Bxc8 Qxc8 25.Ne5 Nxf4 26.gxf4 f6 27.f3 fxe5 28.fxe5 Qf5 29.Qc1 Rc6
30.Rg2 Ree6 31.Qg5 Qf8 32.Qe3 Nc8 33.f4 Qf5 34.Bxa7 c3 35.Bd4 c2 36.Rc1 Rg6
37.Rg3 h5 38.Bb2 Rxg3+ 39.hxg3 Rg6 40.Kh2 h4 41.gxh4 Qg4 42.Rxc2 Qxh4+ 43.Qh3 Qxf4+
44.Kh1 Rh6 45.Rxc8+ Kh7 46.Rc3 Qf1+ 47.Kh2 Qf2+ 48.Kh1 Qxb2  0-1

[Event "JUG-ch53"]
[Site "Belgrade "]
[Date "1998.03.16"]
[Round "3"]
[White "Ilincic, Zlatko"]
[Black "Knezevic, Bojan"]
[Result "1-0"]
[WhiteElo "2565"]
[BlackElo "2420"]

1.d4 Nf6 2.c4 e6 3.Nf3 b6 4.g3 Ba6 5.b3 b5 6.cxb5 Bxb5 7.Bg2 Bb4+ 8.Bd2 a5
9.Bxb4 axb4 10.Qd2 Qe7 11.Qg5 c5 12.Qxg7 Rg8 13.Qh6 c4 14.bxc4 Bxc4 15.Qd2 Bd5
16.Qb2 Nc6 17.O-O Kf8 18.Nbd2 Ne4 19.Nxe4 Bxe4 20.Rfc1 Qd6 21.e3 Ra5 22.Nd2 Bxg2
23.Kxg2 Qd5+ 24.f3 f5 25.Nb3 Rb5 26.Qe2 Ke7 27.Rc2 Na5 28.Nc5 Rbb8 29.e4 fxe4
30.fxe4 Qg5 31.d5 Qe5 32.Rd1 b3 33.axb3 Nxb3 34.d6+ Ke8 35.Nxb3 Rxb3 36.Rc8+ Kf7  1-0

[Event "Jagodina"]
[Site "Jagodina"]
[Date "1998.03.27"]
[Round "5"]
[White "Zontakh, Andrey"]
[Black "Ostojic, Nikola"]
[Result "1-0"]
[WhiteElo "2545"]
[BlackElo "2440"]

1.d4 Nf6 2.c4 e6 3.Nf3 b6 4.g3 Ba6 5.b3 b5 6.cxb5 Bxb5 7.Bg2 Bc6 8.O-O a5
9.Bb2 Bb4 10.a3 Be7 11.Nc3 O-O 12.Qc2 d5 13.Ne5 Be8 14.e4 c6 15.Nd3 dxe4
16.Nxe4 Nd5 17.Ne5 Qb6 18.Rac1 Ra7 19.Nc5 Na6 20.Be4 h6 21.Rfe1 Qb8 22.Qd1 Qc8
23.Qf3 Nac7 24.Bc2 Nb5 25.h4 Bd8 26.Rcd1 Re7 27.a4 Nb4 28.Bb1 Nc7 29.Bc1 Ncd5
30.Bd2 Bb6 31.Re2 f5 32.Rde1 Nf6 33.Qg2 Bh5 34.Nf3 Bxc5 35.dxc5 Ne4 36.Bxb4 axb4
37.Re3 Nxc5 38.Nd4 f4 39.Re5 fxg3 40.Qxg3 Nxb3 41.Nxb3 Rf3 42.Qg2 Qe8 43.Nd4 Rf4
44.R5e4 Rf6 45.R4e3 c5 46.Nf5 Ra7 47.Rg3 Qf8 48.Ne3 Bf3 49.Qf1 Rxa4 50.Qd3 b3
51.Nc4 Rf5 52.Rxf3 Rxf3 53.Qh7+ Kf7 54.Ne5+ Ke8 55.Qg6+ Rf7 56.Qxe6+  1-0

[Event "Jagodina"]
[Site "Jagodina"]
[Date "1998.03.30"]
[Round "8"]
[White "Nestorovic, Dejan"]
[Black "Zontakh, Andrey"]
[Result "0-1"]
[WhiteElo "2375"]
[BlackElo "2545"]

1.d4 Nf6 2.c4 e6 3.Nf3 b6 4.g3 Ba6 5.Qb3 Nc6 6.Bd2 Na5 7.Bxa5 bxa5 8.Bg2 Bb4+
9.Nbd2 O-O 10.O-O c5 11.dxc5 Bxc5 12.Rac1 Rb8 13.Qc2 Qb6 14.Ne4 Nxe4 15.Qxe4 Qxb2
16.Rc2 Qb6 17.Ne5 Rfd8 18.Qf4 f6 19.Nd3 Rbc8 20.Qh4 Qd6 21.Be4 f5 22.Nxc5 Qxc5
23.Bf3 d5 24.Rfc1 dxc4 25.e3 Rd6 26.Be2 Rdc6 27.Qh5 Qe7 28.h4 Rc5 29.Qf3 Bb7
30.Qf4 c3 31.Qd4 e5 32.Qa4 Be4 33.Ba6 Bxc2 34.Qxc2 Rf8 35.Qb3+ Kh8 36.Rxc3 Rxc3
37.Qxc3 a4 38.Qa5 f4 39.exf4 exf4 40.Qxa4 Qe1+ 41.Kg2 f3+ 42.Kh3 h5  0-1

[Event "Jagodina"]
[Site "Jagodina"]
[Date "1998.03.30"]
[Round "8"]
[White "Antic, Dejan"]
[Black "Ostojic, Nikola"]
[Result "1-0"]
[WhiteElo "2460"]
[BlackElo "2440"]

1.d4 Nf6 2.c4 e6 3.Nf3 b6 4.g3 Ba6 5.b3 Bb4+ 6.Bd2 Be7 7.Bg2 d5 8.cxd5 exd5
9.O-O O-O 10.Nc3 Bb7 11.Bc1 Na6 12.Bb2 Qc8 13.Rc1 Rd8 14.Ne5 c5 15.Nd3 Qd7
16.Na4 cxd4 17.Bxd4 Ne4 18.Rc2 Bf8 19.Qa1 Rac8 20.Rxc8 Rxc8 21.Nc3 Nxc3 22.Bxc3 Nc5
23.Nxc5 bxc5 24.e3 Qc7 25.Rd1 Rd8 26.Rd2 Qc6 27.h4 Qe6 28.Kh2 h6 29.Qb1 Qb6
30.Qd1 Qc6 31.a3 Ba8 32.b4 cxb4 33.Bxb4 Bxb4 34.axb4 Qc3 35.Rd4 Rb8 36.Qa4 Bc6
37.Qa5 Rc8 38.Qxa7 Qc2 39.Rf4 f5 40.Qe7 Re8 41.Bxd5+ Bxd5 42.Qxe8+ Kh7 43.h5 Qb1
44.f3 Qa2+ 45.Kh3 Be6 46.Qg6+ Kh8 47.Rxf5 Qc4 48.b5 Bd7 49.b6 Qb5 50.e4 Qb3
51.Kh4 Bxf5 52.Qxf5 Qxb6 53.e5 Qd4+ 54.Qe4 Qd8+ 55.Kh3 Qg5 56.g4 Qc1 57.Kg2 Qb2+
58.Kg3 Qc1 59.Kf2 Qc5+ 60.Qe3 Qc7 61.f4 Kg8 62.Kg3 Kf8 63.g5 hxg5 64.fxg5 Ke8
65.g6 Qc2 66.Qf3 Kd7 67.Qd5+ Kc7 68.Qd6+ Kb7 69.Qd7+ Kb6 70.Qxg7 Qd3+ 71.Kf4 Qd4+
72.Kf5 Qd3+ 73.Kf6 Qf3+ 74.Ke7 Qb7+ 75.Kf8 Qa8+ 76.Kf7 Qd5+ 77.e6 Qxh5 78.Qf6 Kc7
79.e7 Qd5+ 80.Qe6  1-0

[Event "Dreifluesse op"]
[Site "Passau"]
[Date "1998.04.11"]
[Round "3"]
[White "Behnke, Michael"]
[Black "Koch, Herbert"]
[Result "1-0"]
[WhiteElo "1650"]
[BlackElo "1835"]

1.d4 Nf6 2.c4 e6 3.Nf3 b6 4.g3 Ba6 5.b3 d5 6.Bg2 c6 7.Nbd2 Bb4 8.O-O Bxd2
9.Nxd2 dxc4 10.Nxc4 O-O 11.Bf4 Nd5 12.Qd2 Nxf4 13.Qxf4 Bxc4 14.bxc4 Qc8 15.d5 Na6
16.dxc6 Qc7 17.Qxc7 Nxc7 18.Rfd1 Rfd8 19.Rd3 Rxd3 20.exd3 Rd8 21.Rd1 Rd4
22.f4 f6 23.Kf2 Kf7 24.Ke3 e5 25.fxe5 fxe5 26.Rf1+ Ke7 27.Rf5 Kd6 28.Rf7 Ne8
29.Rd7+  1-0

[Event "Dreifluesse op"]
[Site "Passau"]
[Date "1998.04.11"]
[Round "4"]
[White "Juettner, Andreas"]
[Black "Kunz, Konstantin"]
[Result "0-1"]
[WhiteElo "2010"]
[BlackElo "2230"]

1.d4 Nf6 2.Nf3 e6 3.c4 b6 4.g3 Ba6 5.Qc2 Bb7 6.Nc3 c5 7.dxc5 Bxc5 8.Bg2 Nc6
9.O-O O-O 10.a3 Qc8 11.Bg5 Be7 12.Rfd1 Rd8 13.Rac1 d6 14.Nb5 a6 15.Bxf6 gxf6
16.Nbd4 Ne5 17.Qb3 Qc7 18.Qe3 Bf8 19.Bh3 Re8 20.Qf4 Bg7 21.Nd2 f5 22.e4 Nd3
23.Qe3 Nxc1 24.Rxc1 fxe4 25.Nxe4 Rac8 26.b3  0-1

[Event "Metz op"]
[Site "Metz"]
[Date "1998.04.13"]
[Round "9"]
[White "Lehtivaara, Petri"]
[Black "Arkell, Keith C"]
[Result "1/2-1/2"]
[WhiteElo "2370"]
[BlackElo "2455"]

1.d4 Nf6 2.c4 e6 3.Nf3 b6 4.g3 Ba6 5.b3 b5 6.cxb5 Bxb5 7.Bg2 Bb4+ 8.Bd2 a5
9.O-O O-O 10.a3 Bxd2 11.Nfxd2 d5 12.Nc3 Ba6 13.b4 c6 14.bxa5 Qxa5 15.Qc2 Qb6
16.Nb3 Nbd7 17.Rfb1 Qa7 18.e3 Rfc8 19.Na4 Bc4 20.Nac5 g6 21.Rc1 Rab8 22.Bf1 Bxb3
23.Nxb3 Qa4 24.Nc5 Nxc5 25.Qxc5 Rb2 26.Bd3 Ng4 27.Rc2 Qb3 28.Rc3 Qb7 29.Rc2 Rb3
30.Rc3 Rb2 31.Rc2 Ra8 32.h3 Nf6 33.Qxc6 Qxc6 34.Rxc6 Rd2 35.Rc3 Rb8 36.Rac1 Kg7
37.R1c2 Rd1+ 38.Kg2 Rbb1 39.Ra2 Rb8 40.a4 Ne4 41.Rca3 Nd6 42.a5 Rc1 43.a6 Rc7
44.Rc2 Nc4 45.Ra4 Ra8 46.Bxc4 dxc4 47.Rcxc4 Rxc4 48.Rxc4 Rxa6 49.g4 g5 50.Rc2 Kg6
51.Kg3 h5 52.gxh5+ Kxh5 53.f4 Ra1 54.fxg5 Kxg5 55.h4+ Kg6 56.Rh2 Rf1 57.Rf2 Rh1
58.Rf4 f5 59.Kg2 Re1 60.Kf2 Ra1 61.Rf3 Rh1 62.Kg3 Rg1+ 63.Kf2  1/2-1/2

[Event "St Petersburg-ch"]
[Site "St Petersburg"]
[Date "1998.04.13"]
[Round "6"]
[White "Popov, Valerij"]
[Black "Lugovoi, Aleksei"]
[Result "1/2-1/2"]
[WhiteElo "2505"]
[BlackElo "2540"]

1.d4 Nf6 2.Nf3 e6 3.c4 b6 4.g3 Ba6 5.b3 Bb4+ 6.Bd2 Be7 7.Bg2 Bb7 8.O-O O-O
9.Nc3 d5 10.cxd5 exd5 11.Bf4 Nbd7 12.Rc1 c6 13.Ne5 Nxe5 14.Bxe5 Re8 15.Qd3 Bb4
16.Rfd1 Nd7 17.Bf4 Nf6 18.Be5 Nd7 19.Bf4 Nf6 20.Be5  1/2-1/2